书目信息 |
| 题名: |
地铁盾构施工抗灾韧性提升关键技术与工程应用
|
|
| 作者: | 汪德才, , 吴靖江 , 付金伟 , 王平让 著 | |
| 分册: | ||
| 出版信息: | 北京 中国建筑工业出版社 2025.01 |
|
| 页数: | 11, 237页 | |
| 开本: | 26cm | |
| 丛书名: | ||
| 单 册: | ||
| 中图分类: | U231.3 | |
| 科图分类: | ||
| 主题词: | 地铁隧道--di tie sui dao--隧道施工--盾构法--研究--郑州 | |
| 电子资源: | ||
| ISBN: | 978-7-112-30835-4 | |
| 000 | 01613nam0 2200289 450 | |
| 001 | 92637 | |
| 005 | 20250818103711.79 | |
| 010 | @a978-7-112-30835-4@dCNY58.00 | |
| 100 | @a20250212d2025 em y0chiy50 ea | |
| 101 | 0 | @achi |
| 102 | @aCN@b110000 | |
| 105 | @aa a 000yy | |
| 106 | @ar | |
| 200 | 1 | @a地铁盾构施工抗灾韧性提升关键技术与工程应用@Adi tie dun gou shi gong kang zai ren xing ti sheng guan jian ji shu yu gong cheng ying yong@f汪德才 ... [等] 著 |
| 210 | @a北京@c中国建筑工业出版社@d2025.01 | |
| 215 | @a11, 237页@c图@d26cm | |
| 304 | @a题名页题其余责任者: 吴靖江, 付金伟, 王平让 | |
| 320 | @a有书目 (第232-237页) | |
| 330 | @a本书共13章, 分上下两篇。上篇地铁盾构施工微扰动掘进关键技术及应用包括: 绪论、郑州地铁12号线施工技术背景、盾构施工对地层及构筑物的扰动理论研究、下穿既有5号线地铁隧道扰动及掌子面涌水分析、近距离下穿既有1号线地铁车站扰动及控制分析、侧穿具有高精密仪器的颐和医院门诊楼扰动分析。下篇盾构隧道衬砌背后空洞智能识别关键技术与工程应用包括: 绪论、盾构隧道衬砌背后空洞GPR探测模型试验、盾构隧道衬砌背后空洞GPR深度学习识别、盾构隧道衬砌背后空洞数值模拟分析、盾构隧道衬砌背后空洞多尺度演化预测、研究成果的现场检验及工程应用。最后还有结论与展望。本书集成了地铁盾构施工领域的最新科研成果和工程实践经验, 力求为同行提供有价值的理论指导和技术支持。 | |
| 606 | 0 | @a地铁隧道@Adi tie sui dao@x隧道施工@x盾构法@x研究@y郑州 |
| 690 | @aU231.3@v5 | |
| 701 | 0 | @a汪德才,@Awang de cai@f1983-@4著 |
| 701 | 0 | @a吴靖江@Awu jing jiang@4著 |
| 701 | 0 | @a付金伟@Afu jin wei@4著 |
| 701 | 0 | @a王平让@Awang ping rang@4著 |
| 801 | 0 | @aCN@c20250909 |
| 905 | @a河南城建学院图书馆@dU231.3@eW050@f1 | |
| 地铁盾构施工抗灾韧性提升关键技术与工程应用/汪德才 ... [等] 著.-北京:中国建筑工业出版社,2025.01 |
| 11, 237页:图;26cm |
| ISBN 978-7-112-30835-4:CNY58.00 |
| 本书共13章, 分上下两篇。上篇地铁盾构施工微扰动掘进关键技术及应用包括: 绪论、郑州地铁12号线施工技术背景、盾构施工对地层及构筑物的扰动理论研究、下穿既有5号线地铁隧道扰动及掌子面涌水分析、近距离下穿既有1号线地铁车站扰动及控制分析、侧穿具有高精密仪器的颐和医院门诊楼扰动分析。下篇盾构隧道衬砌背后空洞智能识别关键技术与工程应用包括: 绪论、盾构隧道衬砌背后空洞GPR探测模型试验、盾构隧道衬砌背后空洞GPR深度学习识别、盾构隧道衬砌背后空洞数值模拟分析、盾构隧道衬砌背后空洞多尺度演化预测、研究成果的现场检验及工程应用。最后还有结论与展望。本书集成了地铁盾构施工领域的最新科研成果和工程实践经验, 力求为同行提供有价值的理论指导和技术支持。 |
| ● |
| 相关链接 |
|
|
|
正题名:地铁盾构施工抗灾韧性提升关键技术与工程应
索取号:U231.3/W050
 
预约/预借
| 序号 | 登录号 | 条形码 | 馆藏地/架位号 | 状态 | 备注 |
| 1 | 1626601 | 216266010 | 自科库501/501自科库 79排1列1层/ [索取号:U231.3/W050] | 在馆 |